Management and Cost Accounting (Record no. 2810)

MARC details
000 -LEADER
fixed length control field 00331nam a22001337a 4500
008 - FIXED-LENGTH DATA ELEMENTS--GENERAL INFORMATION
fixed length control field 250403b |||||||| |||| 00| 0 eng d
020 ## - INTERNATIONAL STANDARD BOOK NUMBER
ISBN 0442306377
100 ## - MAIN ENTRY--AUTHOR
Author DRURY Colin
245 ## - TITLE STATEMENT
Title Management and Cost Accounting
260 ## - PUBLICATION, DISTRIBUTION, ETC. (IMPRINT)
Place of publication UK.
Name of publisher Van Nostrand Reinhold
Date of publication 1982
300 ## - COLLATION
Pagination xv, 598p.
942 ## - ADDED ENTRY ELEMENTS (KOHA)
Item type Books
050 ## - LIBRARY OF CONGRESS CALL NUMBER
Classification number HF5635
Item number .D78
Holdings
Source of classification or shelving scheme Not for loan Permanent location Current location Date acquired Accession No. Full call number Barcode. Koha item type
Library of Congress Classification   Samuel Ogbemudia Main Library, University of Abuja Samuel Ogbemudia Main Library, University of Abuja 04/03/2025 91/009390 HF5635.D78 2025-1118 Books